Ayer a las siete : un milagro de vida

Salvato in:
Dettagli Bibliografici
Autore principale: Hale, Jeanne
Natura: Libro
Lingua:Undetermined
Pubblicazione: Miami, Estados Unidos Editorial Vida 1977
Soggetti:
Tags: Aggiungi Tag
Nessun Tag, puoi essere il primo ad aggiungerne!!

MARC

LEADER 00000nam a2200000Ia 4500
008 170316s9999 xx 000 0 und d
040 |a cru BVZT 
090 |a 810 H-1.1a 
100 |a Hale, Jeanne 
245 |a Ayer a las siete : un milagro de vida 
260 |a Miami, Estados Unidos 
260 |b Editorial Vida 
260 |c 1977 
300 |a 186 páginas 
650 |a LITERATURA ESTADOUNIDENSE 
999 |c 5693  |d 5693 
942 |c 15 D  |h 810 H-1.1a  |2 z